Fünf am wenigsten erratene Länder nach Kontinenten - Statistiken

Allgemein
  • Dieses Quiz wurde 1.002 mal gespielt
  • Das Durchschnittsergebnis liegt bei 17 aus 30
Antwortstatistiken
Kontinent % Land % Korrekt
Europa 56% San Marino
77%
Südamerika. 48% Suriname
77%
Südamerika. 51% Guyana
74%
Nordamerika 36% St. Kitts und Nevis
69%
Südamerika. 71% Paraguay
68%
Nordamerika 36% St. Lucia
68%
Nordamerika 34% St. Vincent und die Grenadinen
67%
Ozeanien 34% Tuvalu
66%
Europa 60% Kosovo
65%
Europa 59% Moldawien
65%
Ozeanien 31% Nauru
64%
Ozeanien 34% Vanuatu
63%
Südamerika. 72% Bolivien
62%
Asien 37% Brunei
62%
Asien 36% Osttimor
59%
Afrika 32% São Tomé und Príncipe
59%
Europa 59% Monaco
57%
Ozeanien 33% Kiribati
56%
Nordamerika 34% Antigua und Barbuda
55%
Europa 59% Montenegro
55%
Nordamerika 32% Grenada
54%
Afrika 33% Komoren
53%
Südamerika. 70% Venezuela
52%
Ozeanien 31% Salomonen
51%
Asien 41% Bahrain
47%
Afrika 37% Dschibuti
46%
Afrika 38% Burundi
43%
Asien 46% Kuwait
36%
Asien 47% Malediven
31%
Afrika 38% Gabun
22%
Keine übereinstimmenden Quizze gefunden
Verteilung der Resultate
Anzahl Personen mit jedem Resultat
Perzentil nach korrekt beantworteten Fragen
Ihre Resultats-Entwicklung
Sie haben dieses Quiz noch nicht gespielt